A place of beauty joy forever / (Registro nro. 51915)

Detalles MARC
000 -LEADER
campo de control de longitud fija 02073cam a22004094i 4500
003 - IDENTIFICADOR DE NÚMERO DE CONTROL
campo de control PE-LiUPU
005 - FECHA Y HORA DE LA ÚLTIMA TRANSACCIÓN
campo de control 20250731183427.0
008 - DATOS DE LONGITUD FIJA--INFORMACIÓN GENERAL
campo de control de longitud fija 150706s r 000 0 d
020 ## - NÚMERO INTERNACIONAL ESTÁNDAR DEL LIBRO
Número Internacional Estándar del Libro 0977190021
035 ## - NÚMERO DE CONTROL DEL SISTEMA
Número de control de sistema (Sirsi) i9780977190027
040 ## - FUENTE DE CATALOGACIÓN
Centro catalogador/agencia de origen PE-LiUPU
Lengua de catalogación spa
Centro/agencia transcriptor PE-LiUPU
Normas de descripción rda
049 ## - FONDOS LOCALES (OCLC)
Biblioteca depositaria PRUA
082 04 - NÚMERO DE LA CLASIFICACIÓN DECIMAL DEWEY
Número de clasificación 726.51
Cutter S31
Número de edición 21
100 1# - ENTRADA PRINCIPAL--NOMBRE DE PERSONA
Nombre de persona Schuller, Robert H.,
Término indicativo de función/relación autor.
245 12 - MENCIÓN DEL TÍTULO
Título A place of beauty joy forever /
Mención de responsabilidad, etc. Robert H. Schuller.
264 #1 - PRODUCCIÓN, PUBLICACIÓN, DISTRIBUCIÓN, FABRICACIÓN Y COPYRIGHT
Producción, publicación, distribución, fabricación y copyright California :
Nombre del de productor, editor, distribuidor, fabricante Crystal Cathedral Ministries,
Fecha de producción, publicación, distribución, fabricación o copyright 2005.
300 ## - DESCRIPCIÓN FÍSICA
Extensión 233 páginas :
Otras características físicas ilustraciones ;
Dimensiones 31 centímetros
336 ## - TIPO DE CONTENIDO
Término de tipo de contenido text
Fuente rdacontent
337 ## - TIPO DE MEDIO
Nombre/término del tipo de medio unmediated
Fuente rdamedia
338 ## - TIPO DE SOPORTE
Nombre/término del tipo de soporte volume
Fuente rdacarrier
505 0# - NOTA DE CONTENIDO CON FORMATO
Nota de contenido con formato A historical look at Robert Schuller and the Crystal Cathedral -- The dream is born -- The architecture of the Crystal Cathedral Grounds -- The dream captures God´s natural beauty -- What is excellence in Architecture and why is it important? by Dr. Robert H. Schuller -- The architecture of Richard Neutra -- The architecture of Philip Johnson -- The architecture of Richard Meier -- The gardens of the Crystal Cathedral -- The dream provides peace -- The still Waters -- The trees -- The flowers -- The art of the Crystal Cathedral -- The dream comes alive -- The sculptures -- The paintings -- The dream is praised & Honored.
526 ## - NOTA DE INFORMACIÓN SOBRE EL PROGRAMA DE ESTUDIO
Nombre del programa Maestría Bim Facility Management (A distancia)
526 ## - NOTA DE INFORMACIÓN SOBRE EL PROGRAMA DE ESTUDIO
Nombre del programa
526 ## - NOTA DE INFORMACIÓN SOBRE EL PROGRAMA DE ESTUDIO
Nombre del programa Educación musical y artes
526 ## - NOTA DE INFORMACIÓN SOBRE EL PROGRAMA DE ESTUDIO
Nombre del programa Educación, especialidad educación física
526 ## - NOTA DE INFORMACIÓN SOBRE EL PROGRAMA DE ESTUDIO
Nombre del programa Arquitectura
596 ## -
-- 1
650 14 - PUNTO DE ACCESO ADICIONAL DE MATERIA--TÉRMINO DE MATERIA
Término de materia o nombre geográfico como elemento de entrada Arquitectura religiosa
Subdivisión geográfica Estados Unidos.
650 24 - PUNTO DE ACCESO ADICIONAL DE MATERIA--TÉRMINO DE MATERIA
Término de materia o nombre geográfico como elemento de entrada Iglesias.
700 1# - ENTRADA AGREGADA--NOMBRE PERSONAL
Nombre de persona Coleman, James,
Término indicativo de función/relación comp.
910 ## - DATOS DE OPCIÓN DEL USUARIO (OCLC)
-- jck
-- 20110511
942 ## - ELEMENTOS DE ENTRADA SECUNDARIOS (KOHA)
Fuente del sistema de clasificación o colocación Clasificación Decimal Dewey
Tipo de ítem Koha
949 ## - PROCESAMIENTO DE INFORMACIÓN LOCAL (OCLC)
a 726.51 S31
w DEWEY
c 1
i 62887
l CCODEBUL1
m BUL
p 38.00
r 0
s Y
t BOOK
u 2015-7-6
x INGENIERIA
z UNKNOWN
0 COMPRA
o .STAFF. Colección General
994 ## -
-- C0
-- PEPRU
999 ## - NÚMEROS DE CONTROL DE SISTEMA (KOHA)
-- DEWEY
-- 62887
-- 2021-11-10
-- 7
-- CCODEBUL1
-- BUL
-- 38.00
-- 0
-- Y
-- BOOK
-- 2015-7-6
-- INGENIERIA
-- UNKNOWN
-- COMPRA
-- .STAFF. Colección General
980 ## - EQUIVALENCIA O REFERENCIA-CRUZADA-MENCIÓN DE SERIE--NOMBRE DE PERSONA/TÍTULO [LOCAL, CANADÁ]
ID del último usuario que modificó el registro 1
Nombre del último usuario que modificó el registro ALBERTO SANCHEZ Responsable de Automatización
Existencias
Visto por última vez Número de inventario Total de préstamos Signatura topográfica completa Código de barras Copia número Coste, precio de reemplazo Fecha de reemplazo Facultad Tipo de ítem Koha Nota pública Estado de pérdida Fuente del sistema de clasificación o colocación Restricciones de uso No para préstamo Colección Programa académico Biblioteca de origen Biblioteca actual Ubicación en estantería Fecha de adquisición Fuente de adquisición Coste, precio normal de compra
2025-12-02 8   726.51 S31 62887 e1 43.00 2015-07-06 FIA Libros físicos inventario-2023-12-13 No Perdido Clasificación Decimal Dewey No restringido Disponible para préstamos Colección General Arquitectura Biblioteca CRAI UPeU Lima Biblioteca CRAI UPeU Lima Estante de Libros Grandes 2015-07-06 COMPRA 38.00